International & cross-cultural business research
Successfully combining cross-cultural management and business research methods, this team of international authors provide much needed coverage of the implications that should be considered when undertaking research across different cultures
Na minha lista:
| Autor principal: | |
|---|---|
| Formato: | Livro |
| Idioma: | Undetermined |
| Publicado em: |
London
Sage Publications
2017
|
| Assuntos: | |
| Tags: |
Adicionar Tag
Sem tags, seja o primeiro a adicionar uma tag!
|
| Thư viện lưu trữ: | Trung tâm Học liệu Trường Đại học Cần Thơ |
|---|
| LEADER | 00891nam a2200217Ia 4500 | ||
|---|---|---|---|
| 001 | CTU_226888 | ||
| 008 | 210402s9999 xx 000 0 und d | ||
| 020 | |c 1472000 | ||
| 082 | |a 650.071 | ||
| 082 | |b U88 | ||
| 100 | |a Usunier, Jean-Claude | ||
| 245 | 0 | |a International & cross-cultural business research | |
| 245 | 0 | |c Jean-Claude Usunier, Hester Van Herk, Julie Anne Lee | |
| 260 | |a London | ||
| 260 | |b Sage Publications | ||
| 260 | |c 2017 | ||
| 520 | |a Successfully combining cross-cultural management and business research methods, this team of international authors provide much needed coverage of the implications that should be considered when undertaking research across different cultures | ||
| 650 | |a Kinh doanh,Business | ||
| 650 | |x Nghiên cứu đa văn hóa,Cross-cultural studies | ||
| 910 | |b dqhieu | ||
| 980 | |a Trung tâm Học liệu Trường Đại học Cần Thơ | ||